Otrasl' i territorija Ekonomičeskij analiz

Enregistré dans:
Détails bibliographiques
Auteur principal: Bitunov, Vladimir Vladimirovič
Format: Livre
Langue:russe
Publié: Moskva Mysl' 1987
Édition:1. izd.
Tags: Ajouter un tag
Pas de tags, Soyez le premier à ajouter un tag!

MARC

LEADER 00000nam a2200000 4500
001 c034279
005 20221219133253.4
041 0 |a rus 
044 |a RU 
245 1 0 |a Otrasl' i territorija  |b Ekonomičeskij analiz  |c Vladimir Vladimirovič Bitunov 
250 |a 1. izd. 
264 1 |a Moskva  |b Mysl'  |c 1987 
300 |a 235 s. 
100 1 |a Bitunov, Vladimir Vladimirovič